Cesty k sobě, miluji se /

Hlavní autor: Havlíček, Marek
Jazyk: Čeština
Vydáno: Praha : Pierot, [2014]
Témata:
Fyzický popis: 186 s. : il. (převážně barev.), mapy, portréty ; 21 cm
Knihy
Uloženo v:
LEADER 01376nam a2200397 a 4500
001 nkc20142637049
003 CZ PrNK
005 20141205171501.0
007 ta
008 141106s2014 xr abc e 000 1 cze
015 |a cnb002637049 
020 |a 978-80-7353-413-4  |q (brož.) 
035 |a (OCoLC)897870870 
040 |a OLA001  |b cze 
043 |a x------ 
072 7 |a 913  |x Regionální geografie  |2 Konspekt  |9 7 
080 |a 910.4  |2 MRF 
080 |a 908(100)  |2 MRF 
080 |a (100)  |2 MRF 
080 |a (0:82-992)  |2 MRF 
100 1 |a Havlíček, Marek  |7 ola2014847264  |4 aut 
245 1 0 |a Cesty k sobě, miluji se /  |c Marek Havlíček 
246 3 |a Přes čtyři kontinenty vedly mé cesty k sobě, miluji se 
260 |a Praha :  |b Pierot,  |c [2014] 
300 |a 186 s. :  |b il. (převážně barev.), mapy, portréty ;  |c 21 cm 
650 0 7 |a cesty a pobyt  |7 ph137578  |z země světa  |2 czenas 
650 0 9 |a travels and stays  |z countries of the world  |2 eczenas 
651 7 |a země světa  |7 ge131523  |x vlastivěda  |2 czenas 
651 9 |a countries of the world  |x description and travel  |2 eczenas 
655 7 |a cestopisy  |7 fd131956  |2 czenas 
655 9 |a books of travels  |2 eczenas 
910 2 |a BOA001  |b 2-1337.052 
990 |a BK 
995 |a 01 
991 |b 201412  |c NOV  |e n 
996 6 |b 2610612609  |c 2-1337.052  |l MZK  |r Sklad / do 1 hodiny  |n 2  |p p.v.  |w 001472914  |u 000010  |a 1  |e BOA001  |j MZK50  |s P